۔حکایات رومی (Record no. 608085)

000 -LEADER
fixed length control field 00604nam a2200193 a 4500
003 - CONTROL NUMBER IDENTIFIER
control field OSt
005 - DATE AND TIME OF LATEST TRANSACTION
control field 20240223110611.0
008 - FIXED-LENGTH DATA ELEMENTS--GENERAL INFORMATION
fixed length control field 180215t2017 pk g |||| 000 j urd d
020 ## - INTERNATIONAL STANDARD BOOK NUMBER
International Standard Book Number 000000554596
Terms of availability Rs. 450.00
040 ## - CATALOGING SOURCE
Transcribing agency 0
082 ## - DEWEY DECIMAL CLASSIFICATION NUMBER
Classification number 891.4392
Author Mark BIL
100 1# - MAIN ENTRY--PERSONAL NAME
Personal name بلالی،مسعوداحمدشاہ
9 (RLIN) 121232
245 10 - TITLE STATEMENT
Title ۔حکایات رومی
Statement of responsibility, etc. Syed Masood Ahmad Shah Bilali
246 ## - VARYING FORM OF TITLE
Title proper/short title Hikayat E Rumi
260 ## - PUBLICATION, DISTRIBUTION, ETC.
Place of publication, distribution, etc. Islamabad:
Date of publication, distribution, etc. 2017.
300 ## - PHYSICAL DESCRIPTION
Extent 280p.
942 ## - ADDED ENTRY ELEMENTS (KOHA)
Source of classification or shelving scheme
Koha item type Book
Institution code [OBSOLETE] SADA
Call number prefix 891.4392 BIL 2017
Holdings
Withdrawn status Lost status Source of classification or shelving scheme Damaged status Not for loan Permanent Location Current Location Date acquired Source of acquisition Total Checkouts Full call number Barcode Date last seen Cost, replacement price Price effective from Koha item type
          School of Art Design and Architecture (SADA) School of Art Design and Architecture (SADA) 02/09/2018 Donation   891.4392 BIL 2017 SADAD0000209 12/26/2024 315.00 02/23/2024 Book
© 2023 Central Library, National University of Sciences and Technology. All Rights Reserved.